000 03449cam a22012494i 4500
003 PE-LiUPU
005 20250813185630.0
008 150706s r 000 0 d
020 _a9789701514467
035 _a(Sirsi) i9789701514467
040 _aPE-LiUPU
_bspa
_cPE-LiUPU
_erda
049 _aPRUA
082 0 4 _a370.153
_bCh12
_221
100 1 _aChabot, Daniel,
_eautor.
245 1 0 _aPedagogía emocional. Sentir para aprender. Integración de la inteligencia emocional en el aprendizaje /
_cDaniel Chabot y Michael Chabot.
250 _a1a ed.
264 1 _aMéxico :
_bAlfaomega,
_c2009.
300 _a237 páginas :
_bilustraciones ;
_c23 cm.
336 _atext
_2rdacontent
337 _aunmediated
_2rdamedia
338 _avolume
_2rdacarrier
505 0 _aFundamentos biológicos de la inteligencia emocional y del aprendizaje -- Los campos de las competencias -- Las emociones y su impacto sobre el aprendizaje y el rendimiento escolar -- Inteligencia emocional -- Integración de la pedagogía emocional y el aprendizaje -- Administrar emociones desfavorables en el aprendizaje -- Propiciar emociones favorables para el aprendizaje -- Tipos de personalidad, relaciones educador/educando y aprendizaje.
526 _aP202
526 _aP201
526 _aP163
526 _aP162
526 _aP161
526 _aP160
526 _aP148
526 _aP147
526 _aP146
526 _aP145
526 _aP144
526 _aP143
526 _aP142
526 _aP141
526 _aP140
526 _aP139
526 _aP138
526 _aP137
526 _aP136
526 _aP135
526 _aP134
526 _aP133
526 _aP129
526 _aP128
526 _aP127
526 _aP120
526 _aP119
526 _aP118
526 _aP116
526 _aP115
526 _aP114
526 _aP110
526 _aP109
526 _aP108
526 _aP104
526 _aP103
526 _aP102
526 _aP99
526 _aP98
526 _aP97
526 _aP96
526 _aP95
526 _aP93
526 _aP90
526 _aP89
526 _aP88
526 _aP83
526 _aP82
526 _aP62
526 _aP59
526 _aP58
526 _aP57
526 _aP51
526 _aP49
526 _aP48
526 _aP47
526 _aP29
526 _aP24
526 _aP20
526 _aP19
526 _aP17
526 _aP15
526 _aP14
526 _aP12
526 _aP10
526 _aP09
526 _aP08
526 _aP07
526 _aP06
526 _aP05
526 _aP04
526 _aP01
541 _g001-0037504;
650 0 4 _aInteligencia emocional.
650 0 4 _aDesarrollo de la inteligencia emocional.
650 0 4 _aEmociones.
650 0 4 _aEducación emocional.
_95642
700 1 _aChabot, Michel,
_eautor.
910 _agl
_clch
_d20130927
942 _2ddc
_cBOOK
949 _a370.153 CH12
_wDEWEY
_c1
_i68334
_lCCODEBUL1
_mBUL
_p38.00
_r0
_sY
_tBOOK
_u2015-7-6
_xEDUCACION
_PP20
_o.STAFF. Colección General
994 _aC0
_bPEPRU
596 _a1
999 _a370.153 CH12
_wDEWEY
_c55739
_i68334
_d55739
_e2016-12-6
_f2021-11-8
_g5
_lCCODEBUL1
_mBUL
_n7
_p38.00
_r0
_sY
_tBOOK
_u2015-7-6
_xEDUCACION
_PP20
_0COMPRA
_o.STAFF. Colección General
980 _81
_gALBERTO SANCHEZ Responsable de Automatización